ORGANIC CHEMISTRY OF NATURAL PRODUCTS (Record no. 34461)

MARC details
000 -LEADER
fixed length control field 00298nam a22001337a 4500
003 - CONTROL NUMBER IDENTIFIER
control field SGT
020 ## - INTERNATIONAL STANDARD BOOK NUMBER
International Standard Book Number 9789350246641
082 ## - DEWEY DECIMAL CLASSIFICATION NUMBER
Classification number 547
Item number ARO
100 ## - MAIN ENTRY--PERSONAL NAME
Personal name ARORA M
245 ## - TITLE STATEMENT
Title ORGANIC CHEMISTRY OF NATURAL PRODUCTS
260 ## - PUBLICATION, DISTRIBUTION, ETC. (IMPRINT)
Place of publication, distribution, etc INDIA
Name of publisher, distributor, etc HIMALAYA PUB H
Year of Publication 2025
300 ## - PAGE DESCRIPTION
No. of Pages 8.32
942 ## - ADDED ENTRY ELEMENTS (KOHA)
Source of classification or shelving scheme Dewey Decimal Classification
Koha item type Books
Holdings
Withdrawn status Lost status Source of classification or shelving scheme Damaged status Not for loan Collection code Home library Current library Shelving location Date acquired Vendor Name Cost, normal purchase price Volume Information (Serial or Books or Non-Book Material) SGTU Bill Number Total Checkouts Full call number Accession No. (Barcode) Date last seen Bill Date Koha item type
    Dewey Decimal Classification     SCIENCE SGT Science & Social Sciences Library SGT Science & Social Sciences Library Text Book 26/03/2026 ABC 975.00 VOL-I SGTU 22597   547 ARO DP1962 26/03/2026 09/03/2026 Books
    Dewey Decimal Classification     SCIENCE SGT Science & Social Sciences Library SGT Science & Social Sciences Library Text Book 26/03/2026 ABC 975.00 VOL-I SGTU 22597   547 ARO DP1963 26/03/2026 09/03/2026 Books
    Dewey Decimal Classification     SCIENCE SGT Science & Social Sciences Library SGT Science & Social Sciences Library Text Book 26/03/2026 ABC 975.00 VOL-II SGTU 22597   547 ARO DP1964 26/03/2026 09/03/2026 Books
    Dewey Decimal Classification     SCIENCE SGT Science & Social Sciences Library SGT Science & Social Sciences Library Text Book 26/03/2026 ABC 975.00 VOL-II SGTU 22597   547 ARO DP1965 26/03/2026 09/03/2026 Books